000 00727nam a2200205Ia 4500
001 5314
003 GE_BSU
008 181216s||||||||xx |||||||||||||| ||und||
040 _cGE_BSU
080 _a512+514.743
100 _aВакуленко, А.А.
245 _aПолилинейная алгебра и тензорный анализ в механике.
245 _bЛенинградский гос. ун-т им. а.а. жданова.
260 _aЛенинград
260 _bИзд-во Ленинградского ун-та.
260 _c1972
300 _a62 см. 20 см.
653 _aПолилинейная алгебра и тензорный анализ в механике.
942 _cBK
999 _c38899
_d38899